Datum a čas kvízu
20.5
Celkem bodů
Celkový počet nahraných bodů na tomto kvízu bez doplňovacích otázek.
3.
Pořadí na kvízu
Konečné umístění týmu na tomto kvízu.
Zaznamenané odpovědi
| # | Otázka | Odpověď | Body | Výsledky |
|---|---|---|---|---|
| 1. | Minulý týden obletěla Facebook... | 0 | ||
| 2. | Papež František bude na své na... | 0 | ||
| 3. | Budapešťské kulturní akci, kte... | 1 | ||
| 4. | Tzv. aféra Dieselgate stála fi... | 0 | ||
| 5. | Na začátku září odehraje česká... | 1 | ||
| 6. | Jak se jmenuje tento robot, hr... | 1 | ||
| 7. | Napište podtitul filmu ze séri... | 1 | ||
| 8. | Humanoidní robot, který má pod... | 0 | ||
| 9. | Mezi roboty můžeme svým způsob... | 0 | ||
| 10. | Nesmíme opomenout Karla Čapka... | 0.5 |